मॅट्रिक आसपासच्या वाटा (Record no. 404127)

MARC details
000 -LEADER
fixed length control field 00519nam a2200157Ia 4500
008 - FIXED-LENGTH DATA ELEMENTS--GENERAL INFORMATION
fixed length control field 100122s9999 xx 000 0 und d
082 ## - DEWEY DECIMAL CLASSIFICATION NUMBER
Item number 13297
Classification number 370
100 ## - MAIN ENTRY--PERSONAL NAME
Personal name रानडे स अ
245 ## - TITLE STATEMENT
Title मॅट्रिक आसपासच्या वाटा
250 ## - EDITION STATEMENT
Edition statement 4
260 ## - PUBLICATION, DISTRIBUTION, ETC. (IMPRINT)
Name of publisher, distributor, etc स.अ.रानडे
Date of publication, distribution, etc 1965
300 ## - PHYSICAL DESCRIPTION
Extent 102
630 ## - SUBJECT ADDED ENTRY--UNIFORM TITLE
Uniform title मॅट्रिक आसपासच्या वाटा
730 ## - ADDED ENTRY--UNIFORM TITLE
Uniform title मॅट्रिक आसपासच्या वाटा
942 ## - ADDED ENTRY ELEMENTS (KOHA)
Koha item type Book

No items available.